MARC

LEADER 00000nam0a2200000 4500
001 131895
005 20260113154738.0
010 |a 5292014052 
035 |a (RuTPU)RU\TPU\book\142830 
090 |a 131895 
100 |a 20080225d1991 m a0rusy5003 ca 
101 0 |a rus 
102 |a RU 
105 |a a j 001zy 
200 1 |a Пособие к лабораторным занятиям по общей геологии  |e [учебное пособие]  |f А. В. Востряков 
210 |a Саратов  |c Изд-во Сарат. ун-та  |d 1991 
215 |a 133 с.  |c ил.  |e 1 вкл. лист 
320 |a Предм. указ.: с. 130-132. 
606 |a Геология общая  |9 89097 
610 1 |a пособия 
610 1 |a лабораторные занятия 
610 1 |a учебные пособия 
610 1 |a кристаллография 
610 1 |a минералогия 
610 1 |a горные породы 
610 1 |a геологические карты 
675 |a 55  |v 3 
700 1 |a Востряков  |b А. В.  |g Александр Васильевич 
801 0 |a RU  |b RuMRKP  |c 19950417  |g psbo 
801 1 |a RU  |b 63413507  |c 20080225  |g PSBO 
801 2 |a RU  |b 63413507  |c 20081023  |g PSBO 
942 |c BK